ბათუმის შოთა რუსთაველის სახელმწიფო უნივერსიტეტის ბიბლიოთეკა

Технология и оборудование макаронного производства. (ბიბ.ჩანაწერი № 42592)

000 -LEADER
fixed length control field 00694nam a2200217Ia 4500
001 - CONTROL NUMBER
control field 9295
003 - CONTROL NUMBER IDENTIFIER
control field GE_BSU
008 - FIXED-LENGTH DATA ELEMENTS--GENERAL INFORMATION
fixed length control field 181216s||||||||xx |||||||||||||| ||und||
040 ## - CATALOGING SOURCE
Transcribing agency GE_BSU
080 ## - UNIVERSAL DECIMAL CLASSIFICATION NUMBER
Universal Decimal Classification number 664.6/.7
100 ## - MAIN ENTRY--PERSONAL NAME
Personal name Лукьянов,В.В.
245 ## - TITLE STATEMENT
Title Технология и оборудование макаронного производства.
245 ## - TITLE STATEMENT
Remainder of title Учебник.
245 ## - TITLE STATEMENT
Statement of responsibility, etc. Ред. И.Н.Каринцева.
260 ## - PUBLICATION, DISTRIBUTION, ETC.
Place of publication, distribution, etc. М.
260 ## - PUBLICATION, DISTRIBUTION, ETC.
Name of publisher, distributor, etc. Пищепромиздат.
260 ## - PUBLICATION, DISTRIBUTION, ETC.
Date of publication, distribution, etc. 1951.
300 ## - PHYSICAL DESCRIPTION
Extent 481 стр.с илл. 27 см.
653 ## - INDEX TERM--UNCONTROLLED
Uncontrolled term Технология и оборудование макаронного производства.
942 ## - ADDED ENTRY ELEMENTS (KOHA)
Koha item type წიგნი
ეგზემპლარები
Withdrawn status Lost status Damaged status Not for loan Date acquired Barcode Date last seen Price effective from Koha item type
        2018-12-17 12292 2018-12-17 2018-12-17 წიგნი